|
|
|
|
| LEADER |
01392nam a22002777a 4500 |
| 001 |
40772 |
| 003 |
BD-DhAAL |
| 008 |
230201r20201981bg ||||| |||| 00| 0 ben d |
| 020 |
|
|
|a 9789841107703
|
| 020 |
|
|
|a 9841103918
|
| 040 |
|
|
|a BD-DhAAL
|c BD-DhAAL
|
| 082 |
|
|
|a 320.95492
|2 23
|
| 100 |
|
|
|a আহমদ, আবুল মনসুর
|
| 245 |
|
|
|a শেরে বাংলা হইতে বঙ্গবন্ধু /
|c আবুল মনসুর আহমেদ.
|
| 246 |
|
|
|a Sher-E-Bangla haite Bangabandhu
|
| 260 |
|
|
|a ঢাকা :
|b আহমদ পাবলিশিং হাউস,
|c ১৯৮১ [অষ্টম মুদ্রণ ২০২০].
|
| 300 |
|
|
|a ৩৫২ পৃষ্ঠা ;
|c ২২ সে.মি.
|
| 526 |
|
|
|a GenEd
|
| 541 |
|
|
|a Development Book Agency
|e 40772, 40773
|
| 650 |
|
|
|a Politics and government.
|
| 651 |
|
|
|a Bangladesh
|x Politics and government.
|
| 852 |
|
|
|a Ayesha Abed Library
|c General Stacks
|
| 942 |
|
|
|2 ddc
|c BK
|
| 999 |
|
|
|c 45363
|d 45363
|
| 952 |
|
|
|0 0
|1 0
|2 ddc
|4 0
|6 320_954920000000000_AHM
|7 0
|9 72934
|a SCL
|b SCL
|c GEN
|d 2023-01-15
|e Development Book Agency
|g 425.00
|l 4
|m 4
|o 320.95492 AHM
|p 3020040772
|r 2024-04-03
|s 2024-03-28
|t 1
|v 425.00
|w 2023-01-15
|y BK
|
| 952 |
|
|
|0 0
|1 0
|2 ddc
|4 0
|6 320_954920000000000_AHM
|7 0
|9 72935
|a SCL
|b SCL
|c GEN
|d 2023-01-15
|e Development Book Agency
|g 425.00
|l 2
|m 5
|o 320.95492 AHM
|p 3020040773
|r 2024-04-02
|s 2024-03-12
|t 2
|v 425.00
|w 2023-01-15
|y BK
|